Çizgilerle Einstein : (Record no. 200454715)
[ view plain ]
| 000 -LEADER | |
|---|---|
| fixed length control field | 01020nam a2200325 a 4500 |
| 001 - CONTROL NUMBER | |
| control field | 200454715 |
| 003 - CONTROL NUMBER IDENTIFIER | |
| control field | TR-AnTOB |
| 005 - DATE AND TIME OF LATEST TRANSACTION | |
| control field | 20250923170538.0 |
| 007 - PHYSICAL DESCRIPTION FIXED FIELD--GENERAL INFORMATION | |
| fixed length control field | ta |
| 008 - FIXED-LENGTH DATA ELEMENTS--GENERAL INFORMATION | |
| fixed length control field | 070521s1996$$$$tu#a###$r01###$$$$#tur u |
| 020 ## - INTERNATIONAL STANDARD BOOK NUMBER | |
| International Standard Book Number | 9755061592 |
| 040 ## - CATALOGING SOURCE | |
| Original cataloging agency | TR-AnTOB |
| Language of cataloging | tur |
| Description conventions | rda |
| Transcribing agency | TR-AnTOB |
| 041 0# - LANGUAGE CODE | |
| Language code of text/sound track or separate title | Türkçe |
| 044 ## - COUNTRY OF PUBLISHING/PRODUCING ENTITY CODE | |
| ISO country code | tu |
| 050 00 - LIBRARY OF CONGRESS CALL NUMBER | |
| Classification number | QC16.E5 |
| 090 00 - LOCALLY ASSIGNED LC-TYPE CALL NUMBER (OCLC); LOCAL CALL NUMBER (RLIN) | |
| Classification number (OCLC) (R) ; Classification number, CALL (RLIN) (NR) | QC16.E5 |
| Local cutter number (OCLC) ; Book number/undivided call number, CALL (RLIN) | S3419 1996 TıpFak |
| 100 1# - MAIN ENTRY--PERSONAL NAME | |
| Personal name | Schwartz, Joseph |
| Relator term | author |
| 9 (RLIN) | 143862 |
| 245 1# - TITLE STATEMENT | |
| Title | Çizgilerle Einstein : |
| Remainder of title | yeni başlayanlar için / |
| Statement of responsibility, etc. | Joseph Schwartz ; Michael Mcguinness ; çeviren Mehmet Harmancı. |
| 250 ## - EDITION STATEMENT | |
| Edition statement | İkinci baskı. |
| 264 #1 - PRODUCTION, PUBLICATION, DISTRIBUTION, MANUFACTURE, AND COPYRIGHT NOTICE | |
| Place of production, publication, distribution, manufacture | İstanbul : |
| Name of producer, publisher, distributor, manufacturer | Milliyet Yayınları, |
| Date of production, publication, distribution, manufacture, or copyright notice | 1996. |
| 300 ## - PHYSICAL DESCRIPTION | |
| Extent | 169 pages : |
| Other physical details | illustrations ; |
| Dimensions | 20 cm. |
| 336 ## - CONTENT TYPE | |
| Content type term | metin |
| Content type code | text |
| Source | rdacontent |
| 337 ## - MEDIA TYPE | |
| Media type term | unmediated |
| Media type code | n |
| Source | rdamedia |
| 338 ## - CARRIER TYPE | |
| Carrier type term | volume |
| Carrier type code | nc |
| Source | rdacarrier |
| 650 #0 - SUBJECT ADDED ENTRY--TOPICAL TERM | |
| Topical term or geographic name entry element | Relativity (Physics) |
| 9 (RLIN) | 32046 |
| 700 1# - ADDED ENTRY--PERSONAL NAME | |
| Personal name | McGuinness, Michael |
| Relator term | author |
| 9 (RLIN) | 143863 |
| Personal name | Harmancı, Mehmet, |
| Dates associated with a name | 1932- |
| 9 (RLIN) | 38629 |
| 942 ## - ADDED ENTRY ELEMENTS (KOHA) | |
| Source of classification or shelving scheme | Library of Congress Classification |
| Koha item type | Book |
| Withdrawn status | Lost status | Source of classification or shelving scheme | Not for loan | Collection code | Home library | Current library | Shelving location | Date acquired | Source of acquisition | Total Checkouts | Full call number | Barcode | Date last seen | Date shelved | Koha item type |
|---|---|---|---|---|---|---|---|---|---|---|---|---|---|---|---|
| Library of Congress Classification | Ödünç Verilemez-Kurumiçi kullanım / Not for loan-For inhouse use | Genel Koleksiyon | Tıp Fakültesi Medikal Kütüphane | Tıp Fakültesi Medikal Kütüphane | Genel Koleksiyon / Main Collection | 24/07/2023 | Bağış / Donation | QC16.E5 S3419 1996 TıpFak | TF01014 | 02/10/2023 | 02/10/2023 | Book |
